[Event "2. Bundesliga Mitte 2010/11"]
[Site "Wolfsberg"]
[Date "2011.04.10"]
[Round "11"]
[Board "5"]
[White "Trauner, Rudolf"]
[Black "Eichert, Wolfgang"]
[Result "0-1"]
[WhiteElo "2222"]
[BlackElo "2155"]
[PlyCount "72"]
[EventDate "2010.10.16"]
[EventType "team"]
[EventRounds "11"]
[EventCountry "AUT"]
[WhiteTeam "ASK St. Valentin"]
[BlackTeam "SK MPOE Maria Saal"]

1.Nf3 Nf6 2.c4 g6 3.b3 Bg7 4.Bb2 O-O 5.g3 d6 6.Bg2 e5 7.O-O Re8 8.d3 h6 9.Na3 c5
10.Nc2 Nc6 11.Ne3 Be6 12.a3 Qd7 13.Re1 Nh7 14.Qd2 f5 15.Red1 Nf6 16.Rac1 Rad8
17.Nf1 g5 18.e3 Bf7 19.d4 e4 20.Ne1 Qe7 21.Qc2 g4 22.Nd2 Nh7 23.dxc5 dxc5
24.Bxg7 Kxg7 25.Nb1 Ng5 26.Nc3 Ne5 27.Nd5 Bxd5 28.cxd5 b6 29.Qc3 Qf6 30.b4 c4
31.Qd4 Rd6 32.Qc3 Red8 33.Bf1 b5 34.a4 a6 35.axb5 axb5 36.Qd4 Nef3+ 0-1

[Event "2. Bundesliga Mitte 2010/11"]
[Site "Wolfsberg"]
[Date "2011.04.10"]
[Round "11"]
[Board "6"]
[White "Szolderits, Guenter"]
[Black "Heimberger, Reinhard"]
[Result "0-1"]
[WhiteElo "1997"]
[BlackElo "2302"]
[PlyCount "90"]
[EventDate "2010.10.16"]
[EventType "team"]
[EventRounds "11"]
[EventCountry "AUT"]
[WhiteTeam "SK MPOE Maria Saal"]
[BlackTeam "ASK St. Valentin"]

1.e4 c5 2.c3 Nf6 3.e5 Nd5 4.d4 cxd4 5.Nf3 e6 6.cxd4 Nc6 7.a3 d6 8.Bc4 Be7 9.O-O
O-O 10.Qe2 b6 11.Nc3 Nxc3 12.bxc3 Bb7 13.exd6 Qxd6 14.Bg5 Na5 15.Bxe7 Qxe7
16.Ba2 Qf6 17.Ne5 Rac8 18.Rac1 Rc7 19.Rc2 Rfc8 20.Rfc1 Nc6 21.Ng4 Qg6 22.Ne3 Ne7
23.c4 Nf5 24.Rd2 Nh4 25.Qg4 Qxg4 26.Nxg4 Bxg2 27.Rb2 Bd5 28.Ne3 Nf3+ 29.Kf1
Nxh2+ 30.Ke2 Bf3+ 31.Kd3 Ng4 32.Nxg4 Bxg4 33.c5 h5 34.Rb5 Bf3 35.Ke3 Bb7 36.c6
Rxc6 37.Rxc6 Rxc6 38.Rxh5 Rc3+ 39.Kd2 Rxa3 40.Bb1 Bd5 41.f4 g6 42.Re5 Rf3 43.f5
gxf5 44.Ke2 Rb3 45.Bxf5 Bc4+ 0-1

[Event "2. Bundesliga Mitte 2010/11"]
[Site "Wolfsberg"]
[Date "2011.04.10"]
[Round "11"]
[Board "1"]
[White "Abel, Dennes"]
[Black "Weiss, Christian"]
[Result "0-1"]
[WhiteElo "2394"]
[BlackElo "2417"]
[PlyCount "52"]
[EventDate "2010.10.16"]
[EventType "team"]
[EventRounds "11"]
[EventCountry "AUT"]
[WhiteTeam "RbEJ Gleisdorf"]
[BlackTeam "Union Ansfelden"]

1.d4 Nf6 2.Bg5 Ne4 3.Bf4 d5 4.e3 e6 5.Bd3 Nd7 6.Bxe4 dxe4 7.Nd2 Nf6 8.Be5 Bd7
9.Bxf6 gxf6 10.Nxe4 Bc6 11.f3 f5 12.Nd2 f4 13.Qe2 Bh6 14.Ne4 fxe3 15.O-O-O Qe7
16.h4 O-O-O 17.Nc3 f5 18.Kb1 Rhg8 19.Rh3 Qg7 20.g4 fxg4 21.fxg4 Qxg4 22.Qxg4
Rxg4 23.Nge2 Rf8 24.b3 Rf2 25.Re1 Bf3 26.Nc1 Bg2 0-1

[Event "2. Bundesliga Mitte 2010/11"]
[Site "Wolfsberg"]
[Date "2011.04.10"]
[Round "11"]
[Board "2"]
[White "Ennsberger, Ulrich"]
[Black "Leitner, Gerald"]
[Result "1-0"]
[WhiteElo "2365"]
[BlackElo "2215"]
[PlyCount "95"]
[EventDate "2010.10.16"]
[EventType "team"]
[EventRounds "11"]
[EventCountry "AUT"]
[WhiteTeam "Union Ansfelden"]
[BlackTeam "RbEJ Gleisdorf"]

1.d4 Nf6 2.Bg5 c5 3.d5 Qb6 4.Nc3 Qxb2 5.Bd2 Qb6 6.e4 e5 7.f4 d6 8.Nf3 Nbd7 9.Bc4
Be7 10.O-O a6 11.a4 Qc7 12.Kh1 exf4 13.Bxf4 Ng4 14.h3 Nge5 15.Nxe5 dxe5 16.d6
Qxd6 17.Bxf7+ Kd8 18.Bd2 Nf6 19.Rb1 Kc7 20.Nd5+ Nxd5 21.Bxd5 Rf8 22.Rxf8 Bxf8
23.Ba5+ Kb8 24.Qh5 Qd7 25.Bb6 a5 26.Bc4 Bd6 27.Bb5 Qe6 28.Qxh7 Bf8 29.Rf1 Qxb6
30.Rxf8 Qc7 31.Qg8 Ka7 32.Qd5 g5 33.Rf7 Qb6 34.Qxe5 g4 35.Rf6 Qd8 36.Qxc5+ b6
37.Rf7+ Bb7 38.Qd5 Qxd5 39.exd5 gxh3 40.Bc6 hxg2+ 41.Kxg2 Rb8 42.c4 Ka8 43.Rxb7
Rxb7 44.Kf3 Kb8 45.Bxb7 Kxb7 46.Ke4 Kc7 47.Ke5 Kd7 48.d6 1-0

[Event "2. Bundesliga Mitte 2010/11"]
[Site "Wolfsberg"]
[Date "2011.04.10"]
[Round "11"]
[Board "3"]
[White "Sandner, Wolfgang"]
[Black "Knoll, Hermann"]
[Result "0-1"]
[WhiteElo "2234"]
[BlackElo "2382"]
[PlyCount "48"]
[EventDate "2010.10.16"]
[EventType "team"]
[EventRounds "11"]
[EventCountry "AUT"]
[WhiteTeam "RbEJ Gleisdorf"]
[BlackTeam "Union Ansfelden"]

1.e4 e5 2.Nf3 Nc6 3.Nc3 Nf6 4.d4 exd4 5.Nxd4 Bb4 6.Nxc6 bxc6 7.Bd3 d5 8.exd5
cxd5 9.O-O O-O 10.Bg5 c6 11.Ne2 Be7 12.Nd4 Qd6 13.Re1 Ng4 14.Bxe7 Qxh2+ 15.Kf1
Re8 16.Nxc6 Bd7 17.Qf3 Qh5 18.Kg1 Qh2+ 19.Kf1 d4 20.Nxd4 Qh1+ 21.Ke2 Rxe7+
22.Be4 Qh5 23.Kd2 Qg5+ 24.Kd1 Rae8 0-1

[Event "2. Bundesliga Mitte 2010/11"]
[Site "Wolfsberg"]
[Date "2011.04.10"]
[Round "11"]
[Board "4"]
[White "Moser, Guenter"]
[Black "Knoll, Martin"]
[Result "1-0"]
[WhiteElo "2355"]
[BlackElo "2025"]
[PlyCount "87"]
[EventDate "2010.10.16"]
[EventType "team"]
[EventRounds "11"]
[EventCountry "AUT"]
[WhiteTeam "Union Ansfelden"]
[BlackTeam "RbEJ Gleisdorf"]

1.d4 c6 2.g3 g6 3.Bg2 Bg7 4.Nf3 d5 5.O-O Nf6 6.b3 Bg4 7.Ne5 Be6 8.Bb2 Nbd7 9.Nd3
Ne4 10.f3 Nd6 11.e4 O-O 12.c3 Qb6 13.Kh1 g5 14.Qe2 Rae8 15.g4 c5 16.exd5 Bxd5
17.c4 Nxc4 18.dxc5 Qg6 19.Bxg7 Kxg7 20.Nc3 Be6 21.bxc4 Bxc4 22.Rfd1 Kg8 23.Qe3
Bxd3 24.Rxd3 Nxc5 25.Rd2 b6 26.Rad1 e6 27.Nb5 a6 28.Nd6 Rb8 29.Nc4 Rfc8 30.f4
gxf4 31.Qxf4 h6 32.Ne5 Qg7 33.h3 a5 34.Rf1 Rd8 35.Rfd1 Rxd2 36.Rxd2 Rf8 37.Nc4
Qc3 38.g5 Nd3 39.Qg3 Qc1+ 40.Kh2 h5 41.Qxd3 Rc8 42.Ne5 h4 43.Qf3 Qc7 44.Qf6 1-0

[Event "2. Bundesliga Mitte 2010/11"]
[Site "Wolfsberg"]
[Date "2011.04.10"]
[Round "11"]
[Board "1"]
[White "Karner, Christoph"]
[Black "Nemeth, Miklos"]
[Result "1/2-1/2"]
[WhiteElo "2322"]
[BlackElo "2454"]
[PlyCount "72"]
[EventDate "2010.10.16"]
[EventType "team"]
[EventRounds "11"]
[EventCountry "AUT"]
[WhiteTeam "ESV Austria Graz"]
[BlackTeam "SV Steyregg"]

1.d4 Nf6 2.c4 e6 3.g3 d5 4.Nf3 Be7 5.Bg2 O-O 6.O-O dxc4 7.Ne5 Nc6 8.Nxc6 bxc6
9.Na3 Bxa3 10.bxa3 Ba6 11.a4 Qe7 12.Qd2 Rab8 13.Qc3 Rfd8 14.Ba3 Qd7 15.Rab1 Rb6
16.Bc5 Nd5 17.Qa5 Qc8 18.e4 Nf6 19.Bxb6 cxb6 20.Qc3 h6 21.Rfd1 Qd7 22.Qc2 Ne8
23.Bf1 Nd6 24.f3 h5 25.Rd2 Qe7 26.Rbd1 Qg5 27.Rf2 Qa5 28.f4 g6 29.Bg2 Bb7 30.f5
exf5 31.e5 Nc8 32.Qxc4 Ne7 33.a3 Nd5 34.Bxd5 Qxd5 35.Qxd5 Rxd5 36.Re2 Bc8 1/2-1/2

[Event "2. Bundesliga Mitte 2010/11"]
[Site "Wolfsberg"]
[Date "2011.04.10"]
[Round "11"]
[Board "2"]
[White "Gergacz, Attila"]
[Black "Kotz, Heinz Peter"]
[Result "1/2-1/2"]
[WhiteElo "2425"]
[BlackElo "2330"]
[PlyCount "99"]
[EventDate "2010.10.16"]
[EventType "team"]
[EventRounds "11"]
[EventCountry "AUT"]
[WhiteTeam "SV Steyregg"]
[BlackTeam "ESV Austria Graz"]

1.e4 e5 2.Nf3 Nc6 3.Bc4 Nf6 4.d3 Be7 5.O-O O-O 6.Re1 d6 7.a4 Bg4 8.h3 Bh5 9.c3
d5 10.exd5 Nxd5 11.Nbd2 Nf4 12.Nb3 Bd6 13.Bxf4 exf4 14.d4 Qf6 15.Nbd2 Rae8
16.Qc2 Qh6 17.Qf5 Ne7 18.Qg5 Qxg5 19.Nxg5 Nf5 20.Bd3 Bg6 21.Nge4 Be7 22.Nf3 Nh4
23.Ne5 Bf5 24.Nd2 Bxd3 25.Nxd3 Ng6 26.Nc4 f6 27.Na5 f3 28.Nxb7 fxg2 29.Kxg2 Rb8
30.Na5 Bd6 31.Nc4 Kf7 32.Nxd6+ cxd6 33.Kg3 Ne7 34.Re2 g5 35.f3 h5 36.Rae1 Rb7
37.Kf2 Rc8 38.Re6 Nf5 39.R6e2 Rc4 40.Ra1 a5 41.Ne1 Ne7 42.Ke3 Nd5+ 43.Kd3 Rxc3+
44.bxc3 Nf4+ 45.Kd2 Rb2+ 46.Nc2 Nxe2 47.Kxe2 Rxc2+ 48.Kd3 Rf2 49.Ke4 Rc2 50.Kd3 1/2-1/2

[Event "2. Bundesliga Mitte 2010/11"]
[Site "Wolfsberg"]
[Date "2011.04.10"]
[Round "11"]
[Board "3"]
[White "Fahrner, Kurt"]
[Black "Webersberger, Johann"]
[Result "1/2-1/2"]
[WhiteElo "2314"]
[BlackElo "2368"]
[PlyCount "55"]
[EventDate "2010.10.16"]
[EventType "team"]
[EventRounds "11"]
[EventCountry "AUT"]
[WhiteTeam "ESV Austria Graz"]
[BlackTeam "SV Steyregg"]

1.c4 b6 2.Nc3 e6 3.e4 Bb7 4.d3 d5 5.cxd5 exd5 6.Nxd5 Bxd5 7.exd5 Bb4+ 8.Bd2
Bxd2+ 9.Qxd2 Ne7 10.Be2 Nd7 11.d4 O-O 12.Bf3 Ng6 13.g3 Nf6 14.Ne2 Nxd5 15.O-O
Rc8 16.Rac1 Qd7 17.Qg5 c6 18.Bxd5 cxd5 19.Nc3 Rcd8 20.Rfe1 f6 21.Qh5 Nh8 22.Kg2
Nf7 23.h4 Nh6 24.Rc2 Ng4 25.Kf3 Nh2+ 26.Kg2 Ng4 27.Kf3 Nh2+ 28.Kg2 1/2-1/2

[Event "2. Bundesliga Mitte 2010/11"]
[Site "Wolfsberg"]
[Date "2011.04.10"]
[Round "11"]
[Board "4"]
[White "Enoeckl, Philipp"]
[Black "Aschenbrenner, Robert"]
[Result "0-1"]
[WhiteElo "2285"]
[BlackElo "2229"]
[PlyCount "67"]
[EventDate "2010.10.16"]
[EventType "team"]
[EventRounds "11"]
[EventCountry "AUT"]
[WhiteTeam "SV Steyregg"]
[BlackTeam "ESV Austria Graz"]

1.d4 Nf6 2.c4 Nc6 3.Nf3 e6 4.g3 Bb4+ 5.Bd2 Qe7 6.Bg2 Bxd2+ 7.Nbxd2 d6 8.O-O a5
9.e4 e5 10.d5 Nb8 11.b3 O-O 12.a3 Na6 13.b4 Bd7 14.Qb3 Rfb8 15.Rfc1 c5 16.dxc6
bxc6 17.Qc3 c5 18.bxa5 Bc6 19.Ne1 Nc7 20.Rcb1 Rxb1 21.Rxb1 Ne6 22.Nc2 Qc7 23.f3
g6 24.Bh3 Nd4 25.Kf2 Rxa5 26.Nxd4 cxd4 27.Rb8+ Qxb8 28.Qxa5 Qb2 29.Qb4 Qc2
30.Ke2 Ba4 31.Bf1 Nd7 32.h4 Nc5 33.h5 gxh5 34.f4 0-1

[Event "2. Bundesliga Mitte 2010/11"]
[Site "Wolfsberg"]
[Date "2011.04.10"]
[Round "11"]
[Board "5"]
[White "Pfaffel, Thomas"]
[Black "Kubinger, Thomas"]
[Result "1-0"]
[WhiteElo "2193"]
[BlackElo "2227"]
[PlyCount "65"]
[EventDate "2010.10.16"]
[EventType "team"]
[EventRounds "11"]
[EventCountry "AUT"]
[WhiteTeam "ESV Austria Graz"]
[BlackTeam "SV Steyregg"]

1.e4 e6 2.d4 d5 3.Nd2 Nf6 4.e5 Nfd7 5.f4 c5 6.c3 Nc6 7.Ndf3 cxd4 8.cxd4 Bb4+
9.Kf2 O-O 10.g3 f5 11.h4 Nb6 12.Bd3 Bd7 13.g4 Be8 14.Ne2 Be7 15.gxf5 exf5 16.Ng3
Qd7 17.Be3 Nb4 18.Bb1 Nc4 19.a3 Nxe3 20.Kxe3 Nc6 21.Bd3 Bd8 22.Qc2 Ne7 23.Rag1
Kh8 24.Qg2 Rg8 25.h5 Bf7 26.Nh4 Be6 27.Ng6+ Nxg6 28.hxg6 h6 29.Rh5 Rf8 30.Qh3
Kg8 31.Rh1 Bb6 32.Nxf5 Rae8 33.Rxh6 1-0

[Event "2. Bundesliga Mitte 2010/11"]
[Site "Wolfsberg"]
[Date "2011.04.10"]
[Round "11"]
[Board "6"]
[White "Wiesinger, Robert"]
[Black "Spindelboeck, Gernot"]
[Result "0-1"]
[WhiteElo "2232"]
[BlackElo "2224"]
[PlyCount "68"]
[EventDate "2010.10.16"]
[EventType "team"]
[EventRounds "11"]
[EventCountry "AUT"]
[WhiteTeam "SV Steyregg"]
[BlackTeam "ESV Austria Graz"]

1.e4 e6 2.d4 d5 3.Nc3 Nf6 4.Bg5 Bb4 5.Nge2 dxe4 6.a3 Be7 7.Bxf6 Bxf6 8.Nxe4 Nc6
9.c3 O-O 10.f4 b6 11.N2g3 Bh4 12.Qh5 g6 13.Qh6 Bb7 14.O-O-O Na5 15.Bd3 f5 16.Nd2
Bf6 17.Rhe1 Qd5 18.Kb1 c5 19.Nf3 cxd4 20.Bc2 Nc4 21.Nxd4 Bxd4 22.Rxd4 Qb5 23.b3
Nxa3+ 24.Kb2 Nxc2 25.Kxc2 Bd5 26.c4 Rac8 27.Re5 Qc5 28.Kd3 Qb4 29.Kc2 Qa3 30.Nh5
gxh5 31.Rdxd5 exd5 32.Qg5+ Kh8 33.Re7 Qa2+ 34.Kc1 Qa1+ 0-1